Usborne first experiences : (Record no. 7604)
[ view plain ]
| 000 -LEADER | |
|---|---|
| fixed length control field | 01143nam a22003017a 4500 |
| 001 - CONTROL NUMBER | |
| control field | 7604 |
| 003 - CONTROL NUMBER IDENTIFIER | |
| control field | FISKH |
| 005 - DATE AND TIME OF LATEST TRANSACTION | |
| control field | 20250725153307.0 |
| 008 - FIXED-LENGTH DATA ELEMENTS--GENERAL INFORMATION | |
| fixed length control field | 250725b cb ||||| |||| 00| 0 eng d |
| 020 ## - INTERNATIONAL STANDARD BOOK NUMBER | |
| International Standard Book Number | 9780746012819 |
| 040 ## - CATALOGING SOURCE | |
| Original cataloging agency | FISKH |
| Language of cataloging | eng |
| Transcribing agency | FISKH |
| Modifying agency | FISKH |
| 050 ## - LIBRARY OF CONGRESS CALL NUMBER | |
| Classification number | PZ7.C58 M |
| 082 ## - DEWEY DECIMAL CLASSIFICATION NUMBER | |
| Classification number | 823.914 |
| 100 ## - MAIN ENTRY--PERSONAL NAME | |
| Personal name | Civardi, Anne |
| 245 ## - TITLE STATEMENT | |
| Title | Usborne first experiences : |
| Remainder of title | Moving house / |
| Statement of responsibility, etc. | Anne Civardi ; Illustrated by Stephen Cartwright ; Consultant: Betty Root |
| 250 ## - EDITION STATEMENT | |
| Edition statement | This edition first published in 1992 |
| 260 ## - PUBLICATION, DISTRIBUTION, ETC. | |
| Place of publication, distribution, etc. | London : |
| Name of publisher, distributor, etc. | Usborne, |
| Date of publication, distribution, etc. | 1985 |
| 300 ## - PHYSICAL DESCRIPTION | |
| Extent | 14 unnumbered pages : |
| Other physical details | color illustrations ; |
| Dimensions | 21 cm |
| 505 ## - FORMATTED CONTENTS NOTE | |
| Formatted contents note | G<br/> |
| 520 ## - SUMMARY, ETC. | |
| Summary, etc. | Introduces young children to unfamiliar situations in a friendly way. This book features illustrations, providing lots to look at and talk about. It provides a starting point for young children and adults to discuss first experiences.<br/> |
| 521 8# - TARGET AUDIENCE NOTE | |
| Target audience note | 350 estimated<br/> |
| Source | Lexile<br/> |
| 521 8# - TARGET AUDIENCE NOTE | |
| Target audience note | G<br/> |
| Source | Raz-Plus<br/> |
| 650 ## - SUBJECT ADDED ENTRY--TOPICAL TERM | |
| Source of heading or term | Usborne |
| Topical term or geographic name entry element | 641 Moving |
| 650 ## - SUBJECT ADDED ENTRY--TOPICAL TERM | |
| Source of heading or term | Category-misc. |
| Topical term or geographic name entry element | PA - Family |
| 700 ## - ADDED ENTRY--PERSONAL NAME | |
| Personal name | Cartwright, Stephen |
| Dates associated with a name | illustrator |
| 942 ## - ADDED ENTRY ELEMENTS (KOHA) | |
| Source of classification or shelving scheme | Dewey Decimal Classification |
| Koha item type | Books |
| Suppress in OPAC | No |
| Withdrawn status | Lost status | Source of classification or shelving scheme | Damaged status | Not for loan | Collection | Home library | Current library | Shelving location | Date acquired | Total Checkouts | Full call number | Barcode | Date last seen | Copy number | Price effective from | Koha item type |
|---|---|---|---|---|---|---|---|---|---|---|---|---|---|---|---|---|
| Dewey Decimal Classification | Juvenile Fiction | Footprints International School Library Network Toul Tom Poung Campus | Footprints International School Library Network Toul Tom Poung Campus | TTP Primary Green Bookshelves | 07/25/2025 | CIV 823.914 PZ7.C58 M | FISBK05413 | 07/25/2025 | 1 | 07/25/2025 | Books |
